| 000 | 00405nam a2200157 4500 | ||
|---|---|---|---|
| 003 | OSt | ||
| 008 | 240702b |||||||| |||| 00| 0 eng d | ||
| 020 | _a9781847947437 | ||
| 100 | _aDUHIGG, Charles | ||
| 245 |
_aSmarter Faster Better _bThe Secrets Of Being Productive |
||
| 250 | _a1st | ||
| 260 |
_aLondon _bPenguin Random House _c2017 |
||
| 300 | _aviii, 380p. | ||
| 650 | _aGeneral | ||
| 942 |
_2ddc _cBK |
||
| 999 |
_c12753 _d12753 |
||